Висмутовая минерализация в Могочинском золоторудном районе ( Забайкальский край); Проблемы геологии и освоения недр; Т. 1

書誌詳細
Parent link:Проблемы геологии и освоения недр=Problems of Geology and Subsurface Development: труды XXVIII Международного молодежного научного симпозиума имени академика М.А. Усова, посвященного 125-летию со дня рождения академика Академии наук СССР, профессора К.И. Сатпаева и 130-летию со дня рождения члена-корреспондента Академии наук СССР, профессора Ф.Н. Шахова, 1-5 апреля 2024 г., г. Томск/ Национальный исследовательский Томский политехнический университет, Инженерная школа природных ресурсов ; гл. ред. А. С. Боев ; под ред. Е. Ю. Пасечник.— .— Томск: Изд-во ТПУ, 2024
Т. 1.— 2024.— С. 104-106
第一著者: Шульгатая И. В.
団体著者: Национальный исследовательский Томский политехнический университет (570)
その他の著者: Синкина Е. А. Екатерина Андреевна (научный руководитель)
要約:Заглавие с экрана
Текстовый файл
言語:ロシア語
出版事項: 2024
シリーズ:Рудообразующие системы: проблемы минералогии, геохимии и петрологии
主題:
オンライン・アクセス:http://earchive.tpu.ru/handle/11683/81484
フォーマット: 電子媒体 図書の章
KOHA link:https://koha.lib.tpu.ru/cgi-bin/koha/opac-detail.pl?biblionumber=676606

MARC

LEADER 00000naa2a2200000 4500
001 676606
005 20241128094016.0
090 |a 676606 
100 |a 20241114d2024 k||y0rusy50 ca 
101 0 |a rus 
102 |a RU 
135 |a drcn ---uucaa 
200 1 |a Висмутовая минерализация в Могочинском золоторудном районе ( Забайкальский край)  |f Шульгатая И. В.   |g науч. рук. Е. А. Синкина ; Национальный исследовательский Томский политехнический университет 
225 1 |a Рудообразующие системы: проблемы минералогии, геохимии и петрологии 
300 |a Заглавие с экрана 
320 |a Литература: 7 назв. 
336 |a Текстовый файл 
461 1 |0 676173  |9 676173  |t Проблемы геологии и освоения недр  |l Problems of Geology and Subsurface Development  |o труды XXVIII Международного молодежного научного симпозиума имени академика М.А. Усова, посвященного 125-летию со дня рождения академика Академии наук СССР, профессора К.И. Сатпаева и 130-летию со дня рождения члена-корреспондента Академии наук СССР, профессора Ф.Н. Шахова, 1-5 апреля 2024 г., г. Томск  |f Национальный исследовательский Томский политехнический университет, Инженерная школа природных ресурсов ; гл. ред. А. С. Боев ; под ред. Е. Ю. Пасечник  |c Томск  |d 2024  |n Изд-во ТПУ 
463 1 |0 676178  |9 676178  |t Т. 1  |d 2024  |v С. 104-106  |u conference_tpu-2024-C11_V1.pdf 
610 1 |a труды учёных ТПУ 
610 1 |a электронный ресурс 
610 1 |a сульфидная минерализация 
610 1 |a висмутовая минерализация 
610 1 |a золоторудные месторождения 
610 1 |a халькопирит 
610 1 |a висмут 
610 1 |a рудная минерализация 
610 1 |a гидротермальные процессы 
700 1 |a Шульгатая  |b И. В. 
702 1 |a Синкина  |b Е. А.  |c геолог  |c доцент Томского политехнического университета, кандидат геолого-минералогических наук  |f 1986-  |g Екатерина Андреевна  |4 727 
712 0 2 |a Национальный исследовательский Томский политехнический университет  |c (2009- )  |9 26305  |4 570 
801 0 |a RU  |b 63413507  |c 20241114  |g RCR 
850 |a 63413507 
856 4 |u http://earchive.tpu.ru/handle/11683/81484  |z http://earchive.tpu.ru/handle/11683/81484 
942 |c CF